[Event "?"]
[Site "?"]
[Date "????.??.??"]
[Round "?"]
[White "Schwier, M."]
[Black "Lauterbach, E."]
[Result "1/2-1/2"]
[WhiteElo "2103"]
[BlackElo "1705"]
[Annotator "123"]
[PlyCount "52"]
[EventDate "2013.??.??"]
[WhiteTeam "Dresdner Springer"]
[BlackTeam "SK Heidenau"]

1. e4 d5 2. exd5 Qxd5 3. Nc3 Qa5 4. d4 Nf6 5. Bd2 c6 6. Nf3 Bg4 7. Be2 e6 8.
O-O Be7 9. h3 Bxf3 10. Bxf3 Qc7 11. Ne2 Nbd7 12. Bf4 Bd6 13. Bxd6 Qxd6 14. c3
Nd5 15. Ng3 N7f6 16. Re1 O-O 17. Qc2 Ne7 18. Rad1 Ng6 19. a4 Qc7 20. Ne4 Nxe4
21. Rxe4 Rae8 22. Rde1 Qd6 23. g3 f5 24. R4e2 e5 25. Bh5 e4 26. Kh2 Nh4 1/2-1/2

[Event "?"]
[Site "?"]
[Date "????.??.??"]
[Round "?"]
[White "Hanisch, W."]
[Black "Mückan, F."]
[Result "1/2-1/2"]
[WhiteElo "1211"]
[BlackElo "2042"]
[Annotator "124"]
[PlyCount "76"]
[EventDate "2013.??.??"]
[WhiteTeam "SK Heidenau"]
[BlackTeam "Dresdner Springer"]

1. e4 e6 2. d4 d5 3. e5 c5 4. Nf3 Nc6 5. c3 Bd7 6. Bd3 Qb6 7. a3 cxd4 8. c4
dxc4 9. Bxc4 a5 10. O-O Nge7 11. Re1 Ng6 12. h3 Rc8 13. Bd3 Be7 14. b3 Qc7 15.
Bb2 Bc5 16. Nbd2 Ngxe5 17. Be4 Ng6 18. Bxc6 Bxc6 19. Nxd4 O-O 20. Rc1 Bxd4 21.
Bxd4 Rfd8 22. Nf3 Qf4 23. Be3 Rxd1 24. Bxf4 Rxe1+ 25. Nxe1 Nxf4 26. Rc4 Ng6 27.
a4 Rd8 28. Kf1 h6 29. Nc2 Rd3 30. Ne3 Rxb3 31. Kg1 Rb1+ 32. Kh2 Ra1 33. f4 Rxa4
34. g3 Rxc4 35. Nxc4 a4 36. f5 exf5 37. Nd6 a3 38. Nxf5 a2 1/2-1/2

[Event "?"]
[Site "?"]
[Date "????.??.??"]
[Round "?"]
[White "Scholze, R."]
[Black "Ritter, F."]
[Result "1-0"]
[WhiteElo "1956"]
[BlackElo "1660"]
[Annotator "126"]
[PlyCount "67"]
[EventDate "2013.??.??"]
[WhiteTeam "BSW/DBAG 4"]
[BlackTeam "Chemie Radebeul"]

1. e4 e5 2. Bc4 Nf6 3. d3 Be7 4. Nf3 d6 5. c3 h6 6. Nbd2 Nc6 7. Bb3 O-O 8. O-O
Bg4 9. h3 Bh5 10. Re1 Na5 11. Bc2 c5 12. Nf1 Bg6 13. Ng3 Nh5 14. Nf5 Bxf5 15.
exf5 Nf6 16. Nh2 Nc6 17. Qf3 Kh8 18. Be3 Rb8 19. Rad1 d5 20. d4 e4 21. Qe2 c4
22. f3 exf3 23. Qxf3 Bd6 24. g4 Qc7 25. Nf1 Rbe8 26. h4 Qd7 27. g5 Ne4 28. Re2
g6 29. f6 h5 30. Rde1 Qf5 31. Qg2 Qg4 32. Qxg4 hxg4 33. Bc1 Re6 34. Rxe4 1-0

[Event "?"]
[Site "?"]
[Date "????.??.??"]
[Round "?"]
[White "Portsch, C."]
[Black "Gafke, M."]
[Result "1-0"]
[WhiteElo "1588"]
[BlackElo "1887"]
[Annotator "127"]
[PlyCount "95"]
[EventDate "2013.??.??"]
[WhiteTeam "Chemie Radebeul"]
[BlackTeam "BSW/DBAG 4"]

1. d4 d5 2. Nf3 Nf6 3. h3 e6 4. Bf4 Nbd7 5. e3 Be7 6. c4 Bb4+ 7. Nbd2 c5 8. a3
Bxd2+ 9. Qxd2 Ne4 10. Qc2 Qa5+ 11. Nd2 dxc4 12. Bxc4 Ndf6 13. Bd3 O-O 14. b4
cxb4 15. Nxe4 Nd5 16. Qd2 Bd7 17. Bd6 Rfc8 18. O-O Qb6 19. axb4 Bc6 20. Rfc1 a6
21. Bg3 Qxb4 22. Qxb4 Nxb4 23. Bb1 Bd5 24. Rxc8+ Rxc8 25. Nc5 b6 26. Nd3 Rc4
27. Kh2 a5 28. Nxb4 Rxb4 29. Bd6 Rb2 30. Kg3 f5 31. Bd3 Rb3 32. Bf1 Kf7 33. Rc1
a4 34. Bc4 Bxc4 35. Rxc4 b5 36. Rb4 Rxb4 37. Bxb4 Kf6 38. f4 g6 39. Kf3 Kf7 40.
e4 Ke8 41. d5 fxe4+ 42. Kxe4 exd5+ 43. Kxd5 Kd7 44. g4 Kc7 45. Kc5 Kd7 46. Kxb5
Ke6 47. Kxa4 h5 48. g5 1-0

[Event "?"]
[Site "?"]
[Date "????.??.??"]
[Round "?"]
[White "Warnke, E."]
[Black "Wolf, A."]
[Result "1/2-1/2"]
[WhiteElo "1848"]
[BlackElo "1400"]
[Annotator "128"]
[PlyCount "44"]
[EventDate "2013.??.??"]
[WhiteTeam "BSW/DBAG 4"]
[BlackTeam "Chemie Radebeul"]

1. d4 Nf6 2. e3 g6 3. Nf3 Bg7 4. Bd3 O-O 5. O-O d6 6. h3 Re8 7. e4 e5 8. d5 c6
9. c4 Nbd7 10. Nc3 a6 11. a4 Qc7 12. Bd2 Nc5 13. Bc2 a5 14. Re1 Rb8 15. Rb1 Bd7
16. b3 Na6 17. Na2 c5 18. Bd3 b6 19. Qc1 Qc8 20. Bf1 Rb7 21. Rb2 Rc7 22. Rc2
Nxe4 1/2-1/2

[Event "?"]
[Site "?"]
[Date "????.??.??"]
[Round "?"]
[White "Baumgarten, W."]
[Black "Bjorgvik, J."]
[Result "1/2-1/2"]
[WhiteElo "1956"]
[BlackElo "1835"]
[Annotator "133"]
[PlyCount "64"]
[EventDate "2013.??.??"]
[WhiteTeam "BSW/DBAG 2"]
[BlackTeam "Norwegen 4"]

1. d4 d5 2. Nf3 e6 3. c4 Nf6 4. Bg5 Be7 5. e3 h6 6. Bh4 Ne4 7. Bxe7 Qxe7 8. Qb3
c6 9. Nc3 Nxc3 10. Qxc3 O-O 11. Rc1 Nd7 12. cxd5 exd5 13. Bd3 Nf6 14. Ne5 Re8
15. O-O Nd7 16. Nf3 Nf6 17. Rce1 Ne4 18. Qc2 Nf6 19. Ne5 Be6 20. f4 Rf8 21. f5
Bd7 22. g4 Rac8 23. Qg2 c5 24. g5 hxg5 25. Qxg5 c4 26. Bb1 Qd8 27. Rf4 Bc6 28.
Kh1 Ne4 29. Qg2 f6 30. Bxe4 fxe5 31. Rg1 Rc7 32. Rg4 Rff7 1/2-1/2

[Event "?"]
[Site "?"]
[Date "????.??.??"]
[Round "?"]
[White "Lie, T."]
[Black "Neudel, B."]
[Result "0-1"]
[WhiteElo "1596"]
[BlackElo "1887"]
[Annotator "134"]
[PlyCount "52"]
[EventDate "2013.??.??"]
[WhiteTeam "Norwegen 4"]
[BlackTeam "BSW/DBAG 2"]

1. d4 d5 2. c4 e6 3. Nf3 Nf6 4. Nc3 Nbd7 5. cxd5 exd5 6. e3 c6 7. Be2 Bd6 8.
O-O O-O 9. Re1 Ne4 10. Nxe4 dxe4 11. Nd2 f5 12. Nc4 Bc7 13. a3 Re8 14. b4 Nf6
15. Bb2 Be6 16. Rc1 Bd5 17. Qc2 Rc8 18. Red1 Qe7 19. Nd2 f4 20. Bf1 fxe3 21.
fxe3 Ng4 22. Nc4 Bxh2+ 23. Kh1 Qh4 24. Bd3 Bg3+ 25. Kg1 Rf8 26. Bxe4 Qh2# 0-1

[Event "?"]
[Site "?"]
[Date "????.??.??"]
[Round "?"]
[White "Hasivar, G."]
[Black "Tveten, P."]
[Result "1-0"]
[WhiteElo "1687"]
[BlackElo "1593"]
[Annotator "135"]
[PlyCount "101"]
[EventDate "2013.??.??"]
[WhiteTeam "BSW/DBAG 2"]
[BlackTeam "Norwegen 4"]

1. e4 e5 2. Nf3 Nc6 3. Bc4 Bc5 4. h3 d6 5. d3 h6 6. c3 Nf6 7. a4 O-O 8. O-O b6
9. Be3 Bxe3 10. fxe3 Be6 11. Bb3 a6 12. Bc2 Qd7 13. Nh2 Ne7 14. Nd2 Nh7 15. Qe2
f5 16. d4 fxe4 17. Bxe4 d5 18. Bxh7+ Kxh7 19. Ndf3 e4 20. Ne5 Qe8 21. Rxf8 Qxf8
22. Rf1 Qe8 23. b3 Nf5 24. Qe1 Qe7 25. g4 Qg5 26. Rf4 Nh4 27. Qg3 Nf5 28. Rxf5
Bxf5 29. h4 Qf6 30. gxf5 Qxf5 31. Qg4 g6 32. Qxf5 gxf5 33. Kf2 Kg7 34. Nf1 Kf6
35. Ng3 Ke6 36. Ng6 Rd8 37. Ne2 Rg8 38. Nef4+ Kd6 39. h5 c5 40. Nxd5 Rg7 41.
Nxb6 cxd4 42. cxd4 Rb7 43. a5 Kc6 44. d5+ Kb5 45. d6 Rb8 46. Nc4 Kb4 47. Nge5
Kxb3 48. Nb6 Kb4 49. Nc6+ Kb5 50. Nxb8 Kxa5 51. Nc8 1-0

[Event "?"]
[Site "?"]
[Date "????.??.??"]
[Round "?"]
[White "Wicklund-Hansen, R."]
[Black "Berger, F."]
[Result "0-1"]
[WhiteElo "1864"]
[BlackElo "1660"]
[Annotator "137"]
[PlyCount "112"]
[EventDate "2013.??.??"]
[WhiteTeam "Norwegen 3"]
[BlackTeam "BSW/DBAG 5"]

1. e4 e5 2. Nf3 Nc6 3. d4 exd4 4. Nxd4 Nge7 5. Bc4 Nxd4 6. Qxd4 Nc6 7. Bxf7+
Kxf7 8. Qd5+ Ke8 9. Nc3 d6 10. Bf4 Qe7 11. O-O-O Be6 12. Qb5 Rb8 13. Rhe1 a6
14. Qh5+ g6 15. Qe2 Rd8 16. Qd2 Qf7 17. a3 Kd7 18. e5 Kc8 19. Qe3 d5 20. Ne2
Be7 21. Bg3 h5 22. h4 Rhg8 23. f4 Bg4 24. Rd2 Qf8 25. Bf2 Bf5 26. g3 b6 27. Qc3
Kb7 28. Nd4 Nxd4 29. Bxd4 Bc5 30. b4 Bxd4 31. Rxd4 Be4 32. Qb2 b5 33. Re3 Rc8
34. Qb3 c6 35. a4 Rg7 36. Rc3 c5 37. Rxd5 Bxd5 38. axb5 cxb4 39. Qxd5+ Kb8 40.
Rc6 axb5 41. Rb6+ Rb7 42. Rxg6 b3 43. Rd6 Rxc2+ 44. Kb1 Qf5 45. Rf6 Rd2+ 46.
Rxf5 Rxd5 47. Kb2 Rd3 48. e6 Re3 49. Rf6 Ra7 50. Rf8+ Kb7 51. Rf7+ Kb6 52. Rxa7
Kxa7 53. f5 Re5 54. g4 hxg4 55. h5 Rxf5 56. h6 Rf8 0-1

[Event "?"]
[Site "?"]
[Date "????.??.??"]
[Round "?"]
[White "Förster, J."]
[Black "Nilsen, K."]
[Result "0-1"]
[WhiteElo "1761"]
[BlackElo "1885"]
[Annotator "138"]
[PlyCount "50"]
[EventDate "2013.??.??"]
[WhiteTeam "BSW/DBAG 5"]
[BlackTeam "Norwegen 3"]

1. d4 Nf6 2. c4 e5 3. dxe5 Ng4 4. Nf3 Nc6 5. Bf4 Bb4+ 6. Nbd2 Qe7 7. a3 Bxd2+
8. Qxd2 Ngxe5 9. Nxe5 Nxe5 10. Qc3 d6 11. e3 Bf5 12. Be2 O-O 13. O-O Rad8 14.
Rac1 f6 15. c5 d5 16. Rfd1 c6 17. b4 a6 18. g4 Bd7 19. g5 Nf7 20. gxf6 gxf6 21.
Kh1 Kh8 22. Bd3 Ne5 23. Bb1 Bg4 24. Qc2 Bxd1 25. Qxh7+ Qxh7 0-1

[Event "?"]
[Site "?"]
[Date "????.??.??"]
[Round "?"]
[White "Kverndal, L."]
[Black "Gabriel, W."]
[Result "1/2-1/2"]
[WhiteElo "1843"]
[BlackElo "1733"]
[Annotator "139"]
[PlyCount "32"]
[EventDate "2013.??.??"]
[WhiteTeam "Norwegen 3"]
[BlackTeam "BSW/DBAG 5"]

1. d4 Nf6 2. Nf3 e6 3. g3 b6 4. Bg2 Bb7 5. O-O Be7 6. c4 O-O 7. Nc3 d5 8. b3
Qc8 9. Bb2 Rd8 10. cxd5 Nxd5 11. Nxd5 Bxd5 12. Qc2 Nd7 13. e4 Bb7 14. Ne5 Nxe5
15. dxe5 c5 16. f4 Qc6 1/2-1/2

[Event "?"]
[Site "?"]
[Date "????.??.??"]
[Round "?"]
[White "Müller, H."]
[Black "Birkestrand, O."]
[Result "0-1"]
[WhiteElo "1550"]
[BlackElo "1823"]
[Annotator "140"]
[PlyCount "40"]
[EventDate "2013.??.??"]
[WhiteTeam "BSW/DBAG 5"]
[BlackTeam "Norwegen 3"]

1. e4 e5 2. Nf3 Nc6 3. Bb5 d6 4. O-O Bd7 5. c4 Nf6 6. d3 Be7 7. Nc3 O-O 8. Nd5
Nxd5 9. exd5 Nb8 10. Bxd7 Nxd7 11. Be3 f5 12. Qc1 f4 13. Bd2 Qe8 14. h3 Qg6 15.
Qc2 Nc5 16. Bc3 Nxd3 17. Rad1 e4 18. Ne1 f3 19. g3 Nf4 20. Kh2 Ne2 0-1